Zavedenie Eura v Estónsku a analýza jeho dopadov na obchodné a finančné toky bakalárska práca

Salvato in:
Dettagli Bibliografici
Autore principale: Schönová, Michaela, 1989-
Ente Autore: Obchodná fakulta EU. Katedra medzinárodného obchodu
Altri autori: Turan, Alexander
Natura: Libro
Lingua:slovacco
Pubblicazione: Bratislava 2012
Tags: Aggiungi Tag
Nessun Tag, puoi essere il primo ad aggiungerne!!

MARC

LEADER 00000nbm a2200000 4500
001 0154279
005 20161109111832.3
041 0 |a slo 
044 |a SK 
245 1 0 |a Zavedenie Eura v Estónsku a analýza jeho dopadov na obchodné a finančné toky  |b bakalárska práca  |c Michaela Schönová ; školiteľ: Alexander Turan 
264 1 |a Bratislava  |c 2012 
300 |a 54 s. 
100 1 |a Schönová, Michaela, 1989- 
700 1 |a Turan, Alexander 
710 2 |a Obchodná fakulta EU. Katedra medzinárodného obchodu